New Zealand All Blacks Rugby - World Cup Captains - Statistics

General Stats
  • This quiz has been taken 236 times
    43 since last reset
  • The average score is 7 of 14
Answer Stats
World Cup(s) Games as Captain Player % Correct
2007,2011 13 Richard McCaw
100%
2015 1 Sam Cane
74%
2015,2019 6 Kieran Read
72%
1995 5 Sean Fitzpatrick
69%
1987 6 David Kirk
62%
2023 2 Ardie Savea
51%
2019 1 Sam Whitelock
49%
2011 1 Keven Mealamu
44%
1999 6 Taine Randell
44%
1991 6 Gary Whetton
41%
2003 7 Reuben Thorne
41%
2007 2 Jerry Collins
31%
2011 1 Andrew Hore
23%
1995 1 Paul Henderson
21%
No matching quizzes found
Score Distribution
Percent of People with Each Score
Percentile by Number Answered
Your Score History
You have not taken this quiz since the last reset